00722cam a2200241 a 450000100090000000300050000900500170001400800410003101000170007202000250008904000180011404100130013205000230014508200130016810000350018124000120021624500310022826000580025930000330031744000310035050400660038165000330044711838039Nust20170111110554.0991108s2000 enka b 001 0 eng  a 99057765  a9781840221190 (pbk.) aDLCcDLCdDLC1 aenghlat00aB3973.E5bP37 200000a170bSPI1 aSpinoza, Benedict,d1632-1677.10lEnglish10aEthics /cSpinoza,Benedict aOxford ;aNew York :bOxford University Press,c2000. avi, 276 p. :bill. ;c23 cm. 0aOxford philosophical texts aIncludes bibliographical references (p. 325-346) and indexes. 0aEthicsxEarly works to 1800.